عرض عادي
عرض مارك
- Japan.
دخول Corporate Name
001 - CONTROL NUMBER
- control field: 18405
003 - CONTROL NUMBER IDENTIFIER
- control field: AE-AdECS
005 - DATE AND TIME OF LATEST TRANSACTION
- control field: 20250711080319.0
008 - FIXED-LENGTH DATA ELEMENTS
- fixed length control field: 250711|| aca||aabn | a|a d
040 ## - CATALOGING SOURCE
- Original cataloging agency: AE-AdECS
- Transcribing agency: AE-AdECS
110 ## - HEADING--CORPORATE NAME
- Corporate name or jurisdiction name as entry element: Japan.
- Subordinate unit: Kaijō Jieitai
- General subdivision: Officers
670 ## - SOURCE DATA FOUND
- Source citation: Work cat.: (AE-AdECS)291393: Agawa, Naoyuki, 1951- author 18403, Friendship across the seas :
